Přesná drátová EDM technologie.

Uložené v:
Podrobná bibliografia
Médium: Kniha
Jazyk:Slovak
Czech
Vydané: 2007.
Vydanie:1. vyd.
Témy:
On-line prístup:http://www.accutex.de
http://www.accutex.cz
Fyzický popis: 8 s.
Tagy: Pridať tag
Žiadne tagy, Buďte prvý kto otaguje tento záznam!

MARC

LEADER 00000nam#a22000003a#4500
001 000336237
003 SVKKK
005 20080114134355.0
008 080114s2007 xo |||| 0 slo#d
040 |a SVK  |b slo  |c SVK  |e AACR2 
041 0 # |a cze 
044 |a xr  |c CZ 
080 |a 621.9.048  |2 2001 
110 2 |a ACCUTEX Europe  |c Wiesenring 21, Korbussen, D-07554, Nemecko  |4 mfr 
245 1 0 |a Přesná drátová EDM technologie. 
250 |a 1. vyd. 
260 # |c 2007. 
300 |a 8 s. 
655 7 |a firemné prospekty  |2 SNKPH 
710 2 # |a Accutex SK  |c Športová 2070, 915 01 Nové Mesto nad Váhom  |4 dst 
856 4 1 |u http://www.accutex.de 
856 4 1 |u http://www.accutex.cz 
910 |a svkkk 
998 |a FL 
090 |g SCKHL  |k SK42  |a 621.9.048  |j 216006  |i I10042  |4 zastaraná  |s Vyradená